000 00738nam a22002177a 4500
003 OSt
005 20250805020816.0
008 250805b |||||||| |||| 00| 0 eng d
020 _a978-6621-427-280-1
040 _aDWC-Main Lib
_cOC
082 _aFil. 658.01 B163r 2024
100 _aBairan, Bonifacio P.
245 _aRetail and wholesale enterprises/
_cBonifacio P. Bairan
260 _aManila, Philippines :
_bUnlimited Books Library Services & Publishing,
_cc2024.
300 _axii, 394 pages :
_billustrations ;
_c25cm.
504 _aIncludes bibliographical reference.
650 _a1. Retail trade.
650 _a2. Small business-- management.
650 _a3. Supply chain management.
942 _2ddc
_cBK - FIL
_kFil.
_n0
999 _c3937
_d3937